000 00600cam a2200205 4500
001 D14865
008 090401t1968 xxu||||| |||| 00| 0 eng d
035 _a(Sirsi) u94897
041 _aeng
050 _a693.970285
110 _aMinistry of Public Building and Works
_9592
245 _aComputers in system building: Conference report Nottingham, January 1968
260 _aLondon
_bMinistry of Public Buildings and works
_c1968
300 _aCa. 150p. 30cm
350 _a0
490 _aR & D Paper
520 _aShelved at Reserve Collection Shelf 323
942 _n0
948 _c04/03/1997
999 _c98218
_d98218